Wisconsin Cities - Statistics

General Stats
  • This quiz has been taken 70 times
    8 since last reset
  • The average score is 9 of 14
Answers on the Grid
Answers color-coded by a green-red scale on the quiz's grid according to % correct below.
Eden Prairie
Dubuque
Bayfield
Indianapolis
Carmel
St. Louis
Milwaukee
Appleton
St. Paul
Columbus (Ohio)
Columbia
Ashland
Oshkosh
Minneapolis
Pierre
Bismarck
Fond du lac
Eau Claire
Fishers
Fargo
La Crosse
Fort Wayne
Tomah
Sparta
Rochester
Erie
Trenton
Jefferson City
Green Bay
Marinette
Green Lake
Onalaska
 
Answer Stats
Answer % Correct
Appleton
100%
Bayfield
100%
Milwaukee
100%
Oshkosh
100%
Ashland
75%
Green Bay
75%
Onalaska
75%
Fond du lac
50%
Green Lake
50%
La Crosse
50%
Marinette
50%
Eau Claire
25%
Sparta
25%
Tomah
25%
No matching quizzes found
Score Distribution
Percent of People with Each Score
Percentile by Number Answered
Your Score History
You have not taken this quiz since the last reset